000 00867nam a2200241Ia 4500
999 _c40509
_d40509
001 7120
003 GE_BSU
005 20230925105837.0
008 181216s2012||||ge |||||||||||||| ||geo||
020 _a9789941196447
040 _cGE_BSU
041 _ageo
080 _a821.353.1-92 ტ-15
100 _aტაბიძე, ტიციან
_95546
245 _aპროზა : წერილები :
_bტ.2 /
_cტიციან ტაბიძე ; სარედ. ჯგუფი : ზურაბ აბაშიძე, მანანა ჯანელიძე, ირმა ხარშილაძე.
260 _a.
264 _aთბილისი :
_bპალიტრა L,
_c2012.
300 _a344 გვ. ;
_c20 სმ.
541 _h8ლ.
653 _aპროზა
653 _aწერილები
942 _cBK
_2udc